<?xml version="1.0" encoding="UTF-8"?>
<record
    xmlns:xsi="http://www.w3.org/2001/XMLSchema-instance"
    xsi:schemaLocation="http://www.loc.gov/MARC21/slim http://www.loc.gov/standards/marcxml/schema/MARC21slim.xsd"
    xmlns="http://www.loc.gov/MARC21/slim">

  <leader>00561nam a22001337a 4500</leader>
  <datafield tag="999" ind1=" " ind2=" ">
    <subfield code="c">129215</subfield>
    <subfield code="d">129215</subfield>
  </datafield>
  <controlfield tag="005">20221024111357.0</controlfield>
  <controlfield tag="008">221024b           ||||| |||| 00| 0 eng d</controlfield>
  <datafield tag="040" ind1=" " ind2=" ">
    <subfield code="c">PK-LaUMT</subfield>
  </datafield>
  <datafield tag="082" ind1=" " ind2=" ">
    <subfield code="a">APC 297.4092</subfield>
    <subfield code="b">HAZ-</subfield>
  </datafield>
  <datafield tag="245" ind1=" " ind2=" ">
    <subfield code="a">Hazrat Khawaja Mir Durd Dehlavi = &#x62D;&#x636;&#x631;&#x62A; &#x62E;&#x648;&#x627;&#x62C;&#x6C1; &#x645;&#x6CC;&#x631; &#x62F;&#x631;&#x62F; &#x62F;&#x6C1;&#x644;&#x648;&#x6CC; :</subfield>
    <subfield code="b">aik nabgah naqashbandi buzurg = &#x627;&#x6CC;&#x6A9; &#x646;&#x627;&#x628;&#x63A;&#x6C1; &#x646;&#x642;&#x634;&#x628;&#x646;&#x62F;&#x6CC; &#x628;&#x632;&#x631;&#x6AF; /</subfield>
    <subfield code="c">compiled by Sardar Ali Ahmad Khan = &#x645;&#x631;&#x62A;&#x628;:  &#x633;&#x631;&#x62F;&#x627;&#x631; &#x639;&#x644;&#x6CC; &#x627;&#x62D;&#x645;&#x62F; &#x62E;&#x627;&#x6BA;</subfield>
  </datafield>
  <datafield tag="260" ind1=" " ind2=" ">
    <subfield code="a">Lahore :</subfield>
    <subfield code="b">Anjuman Bahbood Ziareen Pakistan,</subfield>
    <subfield code="c">NA</subfield>
  </datafield>
  <datafield tag="300" ind1=" " ind2=" ">
    <subfield code="a">127 p.</subfield>
  </datafield>
  <datafield tag="942" ind1=" " ind2=" ">
    <subfield code="c">BK</subfield>
  </datafield>
  <datafield tag="952" ind1=" " ind2=" ">
    <subfield code="0">0</subfield>
    <subfield code="1">0</subfield>
    <subfield code="4">0</subfield>
    <subfield code="7">0</subfield>
    <subfield code="a">01</subfield>
    <subfield code="b">01</subfield>
    <subfield code="d">2022-10-24</subfield>
    <subfield code="l">0</subfield>
    <subfield code="o">APC 297.4092 HAZ-</subfield>
    <subfield code="p">143596</subfield>
    <subfield code="r">2022-10-24 00:00:00</subfield>
    <subfield code="w">2022-10-24</subfield>
    <subfield code="y">BK</subfield>
  </datafield>
</record>
